000
00328nam a22001457a 4500
003
SGT
020
_a
9788124113646
082
_a
320
_b
P97G
100
_a
GILL, K.P.S.
245
_a
PUNJAB: THE KNIGHTS OF FALSEHOOD
260
_b
HAR-ANAND PUBLICATIONS
_c
1997
300
_a
142
650
_a
POLITICAL SCIENCE
942
_2
ddc
_c
BK
999
_c
28092
_d
28092